[Event "AUTO-INT-887"]
[Site "http://www.queenalice.com/game.php?id=397192"]
[Date "2008.5.3"]
[Round "1"]
[White "rodrigoperez"]
[Black "Krummenauer"]
[Result "0-1"]
[WhiteElo "1491"]
[BlackElo "1877"]

1. e4 e5 2. Nf3 Nc6 3. Bc4 d6 4. d4 exd4 5. Nxd4 Nxd4 6. Qxd4 Qf6 7. Qc3 Qxc3+
8. bxc3 Be6 9. Nd2 Bxc4 10. Nxc4 Nf6 11. e5 dxe5 12. Nxe5 Bd6 13. Nc4 O-O 14.
Nxd6 cxd6 15. O-O d5 16. Rb1 b6 17. Rb4 Rfc8 18. Bb2 Ne4 19. Rb3 Nd2 20. c4 Nxb3
21. cxb3 dxc4 22. bxc4 Rxc4 23. f4 Rc2 24. Rf2 Rac8 25. Bd4 Rxf2 26. Kxf2 Rc2+
27. Kf3 Rxa2 28. g4 Rxh2 29. Kg3 Rd2 30. Be3 Rb2 31. g5 a5 32. Bd4 Rb3+ 33. Kg4
h6 34. gxh6 gxh6 35. Be5 b5 36. Kh5 Kh7 37. Bf6 a4 38. f5 a3 39. Bd4 a2 40. Ba1
Rb1 41. Be5 a1=Q 42. Bxa1 Rxa1 43. Kg4 b4 44. Kf4 b3 45. Ke5 Ra6 0-1

[Event "AUTO-INT-887"]
[Site "http://www.queenalice.com/game.php?id=397193"]
[Date "2008.5.3"]
[Round "1"]
[White "Krummenauer"]
[Black "rodrigoperez"]
[Result "0-1"]
[WhiteElo "1877"]
[BlackElo "1461"]

1. d4 d5 2. c4 Nf6 3. cxd5 Qxd5 4. Nc3 Qa5 5. e3 Bg4 6. Be2 Bf5 7. Bd2 Nc6 8.
Ne4 Qd5 9. Nxf6+ exf6 10. Bf3 Qb5 11. b3 Nb4 12. Be2 Qc6 13. Bxb4 Bxb4+ 14. Kf1
Bc2 15. Qc1 Bc3 16. Qxc2 Bxa1 17. Qxc6+ bxc6 18. Bf3 O-O 19. Bxc6 Rad8 20. g3 f5
21. Kg2 a5 22. Ne2 Bb2 23. Nf4 Ba3 24. Ne2 g5 25. h4 f4 26. hxg5 fxe3 27. fxe3
f6 28. gxf6 Rxf6 29. Be4 Rd7 30. Rh4 c5 31. Rg4+ Kh8 32. d5 Rdf7 33. Nf4 Bc1 34.
Kf2 Re7 35. Kf3 Bb2 36. Bd3 Rd7 37. e4 Rf8 38. Ke3 Ra7 39. Rh4 Rg8 40. Ne2 a4
41. Bc4 axb3 42. Rh1 bxa2 43. Bxa2 Rxa2 44. Rd1 Ra3+ 45. Kf2 Bd4+ 46. Nxd4 cxd4
47. Rxd4 Raxg3 48. d6 R3g4 49. d7 Rd8 50. Ke3 Rg7 51. e5 Rgxd7 52. Re4 Kg8 53.
e6 Re7 54. Kf4 Rd5 55. Re3 Kf8 56. Re2 Ke8 57. Re4 Rg7 58. Ra4 h5 59. Ra8+ Rd8
60. Rxd8+ Kxd8 0-1

[Event "AUTO-INT-887"]
[Site "http://www.queenalice.com/game.php?id=397194"]
[Date "2008.5.3"]
[Round "1"]
[White "rodrigoperez"]
[Black "Maffu"]
[Result "1-0"]
[WhiteElo "1376"]
[BlackElo "1698"]

1. e4 g6 2. d4 Bg7 3. Nf3 a6 4. Bd3 d6 5. Nc3 Nc6 6. a3 Bg4 7. d5 Nd4 8. Be2
Nxf3+ 9. Bxf3 Nf6 10. Bxg4 Nxg4 11. Qxg4 O-O 12. e5 Bxe5 13. Bh6 Bxc3+ 14. bxc3
Re8 15. O-O e5 16. f4 c6 17. f5 Qb6+ 18. Rf2 cxd5 19. fxg6 hxg6 20. Qd7 Kh7 21.
Bg5 Rac8 22. Qxf7+ Kh8 23. Bf6# 1-0

[Event "AUTO-INT-887"]
[Site "http://www.queenalice.com/game.php?id=397195"]
[Date "2008.5.3"]
[Round "1"]
[White "Maffu"]
[Black "rodrigoperez"]
[Result "0-1"]
[WhiteElo "1652"]
[BlackElo "1348"]

1. d4 e5 2. dxe5 d5 3. f4 Bf5 4. Nf3 Bc5 5. b3 d4 6. Bb2 Ne7 7. h3 Nd5 8. Bxd4
Bxd4 9. Nxd4 Ne3 10. Qd2 Qh4+ 0-1

[Event "AUTO-INT-887"]
[Site "http://www.queenalice.com/game.php?id=397196"]
[Date "2008.5.3"]
[Round "1"]
[White "rodrigoperez"]
[Black "daga2008"]
[Result "1-0"]
[WhiteElo "1405"]
[BlackElo "1490"]

1. e4 Nh6 2. d4 d6 3. Nf3 Bg4 4. Be2 e6 5. Nc3 Bxf3 6. Bxf3 Be7 7. e5 b6 8. Bxa8
Nd7 9. Bc6 O-O 10. Bxh6 gxh6 11. Qh5 Kg7 12. f4 a6 13. f5 exf5 14. Qxf5 Nf6 15.
exf6+ Bxf6 16. Be4 Rh8 17. O-O Kf8 18. Nd5 Bxd4+ 19. Kh1 Bf6 20. Nxf6 Kg7 21.
Nh5+ Kf8 22. Qxf7# 1-0

[Event "AUTO-INT-887"]
[Site "http://www.queenalice.com/game.php?id=397197"]
[Date "2008.5.3"]
[Round "1"]
[White "daga2008"]
[Black "rodrigoperez"]
[Result "0-1"]
[WhiteElo "1510"]
[BlackElo "1491"]

1. e4 e5 2. Qh5 Nf6 3. Qxe5+ Be7 4. Qf4 O-O 5. e5 Nd5 6. Qf3 c6 7. b3 Qc7 8. Qg3
Qxe5+ 9. Qxe5 Bf6 10. Qd6 Bxa1 11. Bd3 Bf6 12. Ba3 Be7 13. Qg3 d6 14. Bb2 g6 15.
a3 Nd7 16. Bc4 b6 17. Bxd5 cxd5 18. Qc3 Bf6 19. d4 Ba6 20. Nf3 Nc5 21. Nbd2 Ne4
22. Nxe4 dxe4 23. Nd2 Rac8 24. Nc4 d5 25. O-O dxc4 26. bxc4 Rxc4 27. Qb3 Rd8 28.
d5 Bxb2 29. Qxb2 Rxd5 30. Qb3 Rcd4 31. c3 Rd3 32. Qa4 Bb5 33. Qxa7 Rd1 34. Qb8+
Rd8 35. Qxd8+ Rxd8 36. Rb1 f5 37. Rc1 f4 38. c4 Bxc4 39. h4 e3 40. Rxc4 Rd1+ 41.
Kh2 exf2 42. Rc8+ Kg7 43. Rc7+ Kh6 44. Rc5 bxc5 45. g3 f1=Q 46. gxf4 Qf3 47. a4
Rd2+ 48. Kg1 Qg2# 0-1

[Event "Challenge"]
[Site "http://www.queenalice.com/game.php?id=410742"]
[Date "2008.5.31"]
[Round "-"]
[White "rodrigoperez"]
[Black "SRIVERO"]
[Result "1-0"]
[WhiteElo "1424"]
[BlackElo "1669"]

1. e4 c5 2. Nc3 e5 3. Nf3 Nc6 4. Bc4 Nf6 5. d3 Be7 6. Ng5 d5 7. exd5 h6 8. dxc6
hxg5 9. Bb5 bxc6 10. Bxc6+ Bd7 11. Bxa8 Qxa8 12. O-O Bd6 13. Bxg5 e4 14. Qe2 Be6
15. dxe4 Bxh2+ 16. Kh1 Bf4+ 17. Bh4 g5 18. g3 Bb8 19. Rad1 gxh4 20. Nd5 hxg3+
21. Kg2 Bh3+ 22. Kg1 gxf2+ 23. Rxf2 Rg8+ 24. Kh1 Rh8 25. Nxf6+ Kf8 26. Rd8+ Kg7
27. Rxh8 Kxh8 28. Qh5+ 1-0

[Event "Challenge"]
[Site "http://www.queenalice.com/game.php?id=410756"]
[Date "2008.5.31"]
[Round "-"]
[White "rodrigoperez"]
[Black "mandacaru"]
[Result "1-0"]
[WhiteElo "1445"]
[BlackElo "1669"]

1. e4 e5 2. Nf3 d6 3. Bc4 Nf6 4. Ng5 h6 5. Nxf7 Qd7 6. Nxh8 Nxe4 7. d3 Nf6 8.
Bf7+ Kd8 9. Bh5 Nxh5 10. Qxh5 c6 11. f4 exf4 12. O-O g5 13. Ng6 Bg7 14. Re1 c5
15. Re7 Qg4 16. Qxg4 Bxg4 17. Rxg7 Nd7 18. Rg8+ 1-0

[Event "Challenge"]
[Site "http://www.queenalice.com/game.php?id=410757"]
[Date "2008.5.31"]
[Round "-"]
[White "mandacaru"]
[Black "rodrigoperez"]
[Result "1-0"]
[WhiteElo "1644"]
[BlackElo "1470"]

1. e4 e5 2. Nf3 Nc6 3. Bb5 Nf6 4. Bxc6 dxc6 5. Qe2 Bd6 6. d4 Bg4 7. c3 exd4 8.
e5 d3 9. Qe3 Nd5 10. Qxd3 Be7 11. a3 O-O 12. Nbd2 Nf4 13. Qxd8 Raxd8 14. O-O f6
15. b4 Ne2+ 16. Kh1 Nxc3 17. Bb2 Nd5 18. Nd4 fxe5 19. N4f3 e4 20. Ne5 Be2 21.
Rfe1 Rxf2 22. Nxe4 1-0

[Event "Challenge"]
[Site "http://www.queenalice.com/game.php?id=429800"]
[Date "2008.7.8"]
[Round "-"]
[White "rodrigoperez"]
[Black "mandacaru"]
[Result "1-0"]
[WhiteElo "1561"]
[BlackElo "1660"]

1. e4 e5 2. Nf3 d6 3. Bc4 Qf6 4. Nc3 Bg4 5. d3 a6 6. Bg5 Qg6 7. Nd5 Ra7 8. Nxc7+
Kd7 9. Be3 b6 10. Bxb6 Rb7 11. Nd5 Be6 12. Ba5 Bxd5 13. Bxd5 Rb5 14. b4 Qxg2 15.
Rg1 Qh3 16. c4 Rxa5 17. bxa5 Nh6 18. Rb1 Nc6 19. Rb7+ Kd8 20. Bxc6 g6 21. Rg3
Qh5 22. h4 f6 23. Qa4 g5 24. hxg5 Qh1+ 25. Ke2 fxg5 26. Be8 1-0

[Event "Challenge"]
[Site "http://www.queenalice.com/game.php?id=429801"]
[Date "2008.7.8"]
[Round "-"]
[White "rodrigoperez"]
[Black "vanhoute"]
[Result "1-0"]
[WhiteElo "1574"]
[BlackElo "1809"]

1. e4 c5 2. Bc4 Nc6 3. Nf3 e6 4. Nc3 Nf6 5. e5 Ng4 6. d3 Ngxe5 7. Nxe5 Nxe5 8.
a3 Nxc4 9. dxc4 d6 10. b4 cxb4 11. axb4 b6 12. Ne4 Bb7 13. Ng3 Bxg2 14. Rg1 Bb7
15. Bb2 Rg8 16. Nh5 e5 17. c5 bxc5 18. bxc5 Qa5+ 19. Rxa5 f6 20. Nxf6+ Kf7 21.
Nxg8 1-0

[Event "AUTO-INT-958"]
[Site "http://www.queenalice.com/game.php?id=429988"]
[Date "2008.7.8"]
[Round "1"]
[White "Rapaz"]
[Black "rodrigoperez"]
[Result "1-0"]
[WhiteElo "1585"]
[BlackElo "1556"]

1. d4 Nf6 2. e3 g6 3. Nc3 Bg7 4. Nf3 O-O 5. Bd3 d6 6. O-O c5 7. b3 Nc6 8. Bb2
cxd4 9. exd4 e5 10. dxe5 dxe5 11. Ne4 Nxe4 12. Bxe4 Bd7 13. Bxc6 bxc6 14. Bxe5
f6 15. Bd6 Re8 16. Qd3 Bf5 17. Qc4+ Re6 18. Rfe1 Qxd6 19. Re3 Kf7 20. Rae1 c5
21. Qb5 Rb8 22. Qc4 Rb4 23. Qc3 Be4 24. a3 f5 25. Ng5+ Kg8 26. Qxg7+ Kxg7 27.
Nxe6+ Qxe6 28. axb4 cxb4 29. c4 a5 30. f3 a4 31. bxa4 Qxc4 32. fxe4 b3 33. e5 b2
34. e6 Qd4 35. Kf2 Qb4 36. e7 1-0

[Event "AUTO-INT-958"]
[Site "http://www.queenalice.com/game.php?id=429989"]
[Date "2008.7.8"]
[Round "1"]
[White "rodrigoperez"]
[Black "Rapaz"]
[Result "0-1"]
[WhiteElo "1599"]
[BlackElo "1565"]

1. e4 e5 2. Nf3 d6 3. Bc4 Nf6 4. Nc3 Be6 5. Nd5 Nxe4 6. d3 Nc5 7. b4 c6 8. bxc5
cxd5 9. Bb5+ Nd7 10. cxd6 Bxd6 11. Ng5 Qa5+ 12. Bd2 Qxb5 13. Rb1 Qa6 14. c4 dxc4
15. dxc4 Bxc4 16. Qf3 O-O 17. Rxb7 Nc5 18. Rxf7 Bxf7 19. Nxf7 Qxa2 0-1

[Event "AUTO-INT-958"]
[Site "http://www.queenalice.com/game.php?id=430006"]
[Date "2008.7.8"]
[Round "1"]
[White "rodrigoperez"]
[Black "yannigator"]
[Result "1-0"]
[WhiteElo "1541"]
[BlackElo "1429"]

1. e4 e5 2. Nf3 Nc6 3. Bc4 Nf6 4. Nc3 Bc5 5. a3 a6 6. b4 Ba7 7. d3 d6 8. Bg5 h6
9. Bh4 g5 10. Bg3 Bd7 11. b5 axb5 12. Bxb5 Nd4 13. Nxd4 exd4 14. Bxd7+ Qxd7 15.
e5 dxe5 16. Ne4 Nxe4 17. dxe4 O-O-O 18. c4 f6 19. a4 h5 20. f3 Rhe8 21. a5 g4
22. fxg4 Qxg4 23. Qb3 1-0

[Event "AUTO-INT-958"]
[Site "http://www.queenalice.com/game.php?id=430007"]
[Date "2008.7.8"]
[Round "1"]
[White "yannigator"]
[Black "rodrigoperez"]
[Result "0-1"]
[WhiteElo "1522"]
[BlackElo "1581"]

1. e4 e5 2. Nf3 Nc6 3. d4 exd4 4. Nxd4 Nxd4 5. Qxd4 c5 6. Qe3 d6 7. Bc4 Nf6 8.
O-O Be7 9. f4 Rb8 10. b3 b5 11. Bd5 Bb7 12. Bxb7 Rxb7 13. Bb2 d5 14. Bxf6 Bxf6
15. exd5+ Re7 16. Qxc5 Bxa1 17. c3 O-O 0-1

[Event "AUTO-INT-887"]
[Site "http://www.queenalice.com/game.php?id=447476"]
[Date "2008.8.11"]
[Round "2"]
[White "rodrigoperez"]
[Black "jefersonlourenco"]
[Result "0-1"]
[WhiteElo "1559"]
[BlackElo "1878"]

1. e4 c5 2. Bc4 e6 3. Nf3 d5 4. exd5 exd5 5. Bb5+ Bd7 6. Bxd7+ Qxd7 7. d4 Nc6 8.
Ne5 Qe6 9. O-O Nxd4 10. Re1 Be7 11. c3 Nc6 12. Bf4 Nf6 13. Ng4 Qxg4 0-1

[Event "AUTO-INT-887"]
[Site "http://www.queenalice.com/game.php?id=447477"]
[Date "2008.8.11"]
[Round "2"]
[White "jefersonlourenco"]
[Black "rodrigoperez"]
[Result "1-0"]
[WhiteElo "1874"]
[BlackElo "1563"]

1. d4 d5 2. c4 Nf6 3. Nc3 Bf5 4. Bf4 e6 5. Nf3 Be7 6. e3 Bb4 7. Qa4+ Nc6 8. Ne5
Bxc3+ 9. bxc3 O-O 10. Nxc6 bxc6 11. Qxc6 Ne4 12. cxd5 Rb8 13. Bxc7 Qxd5 14. Qxd5
1-0

[Event "AUTO-INT-887"]
[Site "http://www.queenalice.com/game.php?id=447479"]
[Date "2008.8.11"]
[Round "2"]
[White "Romerflu"]
[Black "rodrigoperez"]
[Result "1-0"]
[WhiteElo "1510"]
[BlackElo "1582"]

1. e4 e5 2. Nf3 Nc6 3. c3 Nf6 4. d4 exd4 5. Nxd4 Nxe4 6. Qe2 d5 7. Nxc6 bxc6 8.
c4 Ba6 9. Qe3 Bc5 10. Qf4 Bxf2+ 11. Ke2 O-O 12. g3 Re8 13. Kd1 dxc4+ 14. Nd2 Qd4
15. Bxc4 Nxg3 16. Qxd4 1-0